Aplikácia pravidiel diplomatického a štátneho protokolu Slovenskej republiky v kontexte protokolárnej praxe vo vybraných štátoch dizertačná práca
Enregistré dans:
| Auteur principal: | |
|---|---|
| Collectivité auteur: | |
| Autres auteurs: | |
| Format: | Livre |
| Langue: | slovaque |
| Publié: |
Bratislava
2009
|
| Sujets: | |
| Tags: |
Pas de tags, Soyez le premier à ajouter un tag!
|
MARC
| LEADER | 00000nam$a2200000$$$4500 | ||
|---|---|---|---|
| 001 | 0100964 | ||
| 005 | 20240502072114.0 | ||
| 041 | 0 | |a slo | |
| 044 | |a SK | ||
| 245 | 1 | 0 | |a Aplikácia pravidiel diplomatického a štátneho protokolu Slovenskej republiky v kontexte protokolárnej praxe vo vybraných štátoch |b dizertačná práca |c Boris Mattoš ; škol. Ľudovít Tóth |
| 264 | 1 | |a Bratislava |c 2009 | |
| 300 | |a 167 s. | ||
| 610 | 2 | 0 | |a diplomacia |
| 610 | 2 | 0 | |a diplomacia hospodárska |
| 610 | 2 | 0 | |a Slovensko |
| 610 | 2 | 0 | |a vzťahy formálne |
| 610 | 2 | 0 | |a právo medzinárodné |
| 100 | 1 | |a Mattoš, Boris, 1977- | |
| 700 | 1 | |a Tóth, Ľudovít | |
| 710 | 2 | |a Fakulta medzinárodných vzťahov EU. Katedra medzinárodných ekonomických vzťahov a hospodárskej diplomacie | |